|
|
|
|
| LEADER |
01397nam a22002657a 4500 |
| 001 |
34918 |
| 003 |
BD-DhAAL |
| 005 |
20230201153511.0 |
| 008 |
190724r20172012bg a|||| |||| 00| p ben d |
| 020 |
|
|
|a 9789848964231
|
| 082 |
|
|
|a 891.441
|2 23
|
| 100 |
|
|
|a শহীদুল্লাহ, রুদ্র মুহাম্মদ
|9 33111
|
| 245 |
|
|
|a শ্রেষ্ঠ কবিতা /
|c রুদ্র মুহাম্মদ শহীদুল্লাহ, সম্পাদনা হিমেল বরকত
|
| 246 |
|
|
|a Sreshtho kobita (a collection of poems)
|
| 250 |
|
|
|a পরিমার্জিত ও বর্ধিত সংস্করণ
|
| 260 |
|
|
|a ঢাকা :
|b হাওলাদার প্রকাশনী,
|c c২০১২ [পরিমার্জিত ও বর্ধিত সংস্করণ ২০১৭]
|
| 300 |
|
|
|a ২৫৫ পৃষ্ঠা :
|b চিত্র ;
|c ২২ সে.মি.
|
| 526 |
|
|
|a Residential Campus
|
| 541 |
|
|
|a Development Book Agency
|e 34918
|
| 650 |
|
|
|a Bengali poetry
|9 33112
|
| 700 |
|
|
|a বরকত, হিমেল
|9 33113
|
| 852 |
|
|
|a Savar Campus Library
|c General Stacks
|
| 942 |
|
|
|2 ddc
|c BK
|
| 999 |
|
|
|c 40989
|d 40989
|
| 952 |
|
|
|0 0
|1 0
|2 ddc
|4 0
|6 891_441000000000000_SHA
|7 0
|9 65764
|a SCL
|b SCL
|c GEN
|d 2019-07-17
|e Development Book Agency
|g 297.00
|l 6
|m 17
|o 891.441 SHA
|p 3020034918
|r 2025-09-14
|s 2025-08-23
|t 1
|v 297.00
|w 2019-07-17
|y BK
|